000 00429nam a2200157Ia 4500
008 230718s9999 xx 000 0 und d
041 _aeng
082 _a005.2682
_bANI
100 _aDvorak J.C.
_9147283
245 _aDvorak's Inside Track To DOS & PC Performance
260 _c1992
_bMcGraw-Hill
300 _a880
365 _cRs.
_b600.00
700 _aDvorak J.C. & Anis N.
_9185770
906 _dB:65909-Mar-1996
_cCOMP
_b90
999 _c295096
_d295096